The differences in the right to education of women in France a in selected Muslim countries bakalárska práca

Gespeichert in:
Bibliographische Detailangaben
1. Verfasser: Horváthová, Natália
Körperschaft: Fakulta aplikovaných jazykov EU v Bratislave. Katedra jazykovedy a translatológie
Weitere Verfasser: Fifiková, Dominika, 1987-
Format: Buch
Sprache:Englisch
Veröffentlicht: Bratislava 2018
Tags: Tag hinzufügen
Keine Tags, Fügen Sie das erste Tag hinzu!

MARC

LEADER 00000nbm a2200000 4500
001 0244016
005 20181011092516.7
041 0 |a eng 
044 |a SK 
245 1 0 |a The differences in the right to education of women in France a in selected Muslim countries  |b bakalárska práca  |c Natália Horváthová ; školiteľ: Dominika Fifiková 
264 1 |a Bratislava  |c 2018 
300 |a 51 s. 
100 1 |a Horváthová, Natália 
700 1 |a Fifiková, Dominika, 1987- 
710 2 |a Fakulta aplikovaných jazykov EU v Bratislave. Katedra jazykovedy a translatológie